000 00493cam a22001217a 4500
008 180718b2011 xxu||||| |||| 00| 0 eng d
100 _aShah, Amita
245 _aExperience of th Maharashtra Employment Guarantee Scheme: are there lessons for NREGS?
_cby Amita Shah and Aasha Kapur Mehta
260 _aNew Delhi
_bIndian Institute of Public Administration and Chronic Poverty Research Centre
_c2011
300 _a42p.
440 _aCPRC- IIPA working paper no.; 41
700 _aMehta, Aasha Kapur
999 _c502620
_d502620